|
|
|
|
| LEADER |
01142nam a22002777a 4500 |
| 001 |
39042 |
| 003 |
BD-DhAAL |
| 008 |
220629t1953 nyu||||| b||| 001 0 eng d |
| 999 |
|
|
|c 44481
|d 44481
|
| 020 |
|
|
|a 0671616005
|
| 040 |
|
|
|a BD-DhAAL
|c BD-DhAAL
|
| 082 |
|
|
|a 945.057
|
| 100 |
|
|
|a Durant, Will,
|d 1885-1981.
|9 49825
|
| 245 |
|
|
|a The Renaissance :
|b a history of civilization in Italy from 1304-1576 A.D. /
|c Will Durant
|
| 260 |
|
|
|a New York :
|b Simon and Schuster,
|c c1953.
|
| 300 |
|
|
|a xvi, 776 pages :
|b illustrations, maps, ports. ;
|c 24 cm.
|
| 490 |
|
|
|a The Story of civilization ;
|v 5
|
| 504 |
|
|
|a Includes bibliographical references and index.
|
| 541 |
|
|
|a Donated By Akbar Ali Khan
|e 39042
|
| 650 |
|
|
|a Renaissance
|x Italy.
|9 49826
|
| 650 |
|
|
|a Civilization
|x History.
|9 49828
|
| 651 |
|
|
|a Italy
|x Civilization
|y 1268-1559.
|9 49829
|
| 830 |
|
|
|a The Story of civilization ; 5
|9 49827
|
| 852 |
|
|
|a Ayesha Abed Library
|c Akbar Ali Khan Collection
|
| 942 |
|
|
|2 ddc
|c BK
|
| 952 |
|
|
|0 0
|1 0
|2 ddc
|4 0
|6 945_057000000000000_DUR
|7 1
|9 71139
|a BRACUL
|b BRACUL
|c AAKC
|d 2022-06-29
|e Donated by Akbar Ali Khan
|l 0
|o 945.057 DUR
|p 3010039042
|r 2022-06-29
|t 1
|w 2022-06-29
|y BK
|